00830nam a22001935i 4500001000700000003000900007005001700016008004100033080001500074100003400089245009600123260004700219300002100266530003500287651003200322852009600354852009700450856008900547161945ES-MaACL20250721134712.0990907s1883 ne |||| | fre d a326.8(729)1 aPerojo, José deld1850-190813aLa colonisation espagnole : b(confèrence du 10 Septembre 1883) /cpar José del Perojo. aAmsterdam : bSchröder Frères, c1883. a35 p. ; c26 cm. aDisponible en formato digital. 4aEspaña-xColonias-yS.XIX aES-MaACLjT-541-F-9 z- Enc. hol., conservando cub. originalz- Enc. en un vol. facticio aES-MaACLjT-388-F-4 z- Enc. hol., falto de cub. original z- Enc. en un vol. facticio uhttp://bdh-rd.bne.es/viewer.vm?id=0000144428&page=1 zBiblioteca Digital Hispánica